000 00988nam a22002175i 4500
001 159403
003 ES-MaACL
005 20230906211602.0
008 010417s1895 sp |||| | spa d
100 1 _aMendoza, Antonio
_c(científico)
_9173682
245 1 0 _aTratamiento de la difteria por el suero de la sangre de caballos inmunizados :
_bprocedimiento Behring-Roux : memoria presentada al... ministro de la Gobernación /
_cpor A. Mendoza y M. Sanz Bombín.
250 _aPublicación oficial.
260 _aMadrid :
_b[s.n.],
_c1895 (
_fImp. de Ricardo Rojas)
300 _a136 p. ;
_c26 cm.
530 _aDisponible en formato digital.
650 4 _aDifteria-
_xTratamiento.
_9135927
650 4 _aSuero antidiftérico.
_9149338
700 1 _aSanz Bombín, Manuel.
_9151206
852 4 _aES-MaACL
_jT-836-F-9
_z- Enc. hol., conservando cub. original
_z- Enc. en un vol. facticio
856 4 _uhttp://bdh-rd.bne.es/viewer.vm?id=0000117584&page=1
_zBiblioteca Digital Hispánica
999 _c159403
_d159403